Music Quiz

Random Music or Rock Quiz

Bands and Groups by Image A-Z II Quiz Stats

 Plays Quiz Updated Aug 9, 2019

Score 0/26 Timer 07:00
13 Plays Today
Question Answer Wrong Answers
Which B Group Is This? Blondie
97.3%
The Beatles
0.4%
The Beach Boys
0.4%
Bee Gees
1.7%
Which A Group Is This? Aerosmith
94.6%
AC/DC
2.8%
Alice in Chains
1.6%
The Allman Brothers Band
0.9%
Which O Group Is This? Outkast
93.7%
One Direction
0.4%
The Offspring
2.3%
Oasis
1.3%
Which S Group Is This? Simon & Garfunkel
93.7%
Sex Pistols
1.2%
Smashing Pumpkins
1.5%
Sly and the Family Stone
1%
Which L Group Is This? Linkin Park
92.9%
Led Zeppelin
0.9%
Living Colour
2.4%
Lynyrd Skynyrd
1.7%
Which N Group Is This? N.W.A
92.5%
Nirvana
0.5%
Nine Inch Nails
3.1%
Nickelback
1.7%
Which G Group Is This? Genesis
91.8%
Green Day
1%
Guns N' Roses
1.8%
Grateful Dead
4%
Which D Group Is This? The Doors
91.8%
Daft Punk
1.2%
Dire Straits
3.1%
Deep Purple
3.1%
Which H Group Is This? Hall & Oates
90.7%
Heart
1.7%
Huey Lewis and the News
5.3%
Hole
0.7%
Which W Group Is This? The Wu-Tang Clan
90.1%
The Who
0.7%
Weezer
4.4%
The White Stripes
2.1%
Which M Group Is This? The Mamas & the Papas
89.6%
Metallica
0.8%
Mötley Crüe
2.8%
The Moody Blues
4.7%
Which P Group Is This? Pearl Jam
83.8%
The Police
2.9%
Pink Floyd
5.1%
Pretenders
5.9%
Which F Group Is This? Foreigner
83.7%
Fleetwood Mac
5.2%
Foo Fighters
2.8%
The Four Seasons
6.8%
Which U Group Is This? UB40
82.5%
U2
3.5%
The Used
6.1%
Uriah Heep
5.2%
Which C Group Is This? The Cure
81.7%
The Clash
13.1%
The Cars
2.5%
Cream
2%
Which J Group Is This? Journey
78.2%
Jefferson Airplane
8.1%
Jane's Addiction
3.9%
Judas Priest
7.9%
Which R Group Is This? Radiohead
77.8%
The Rolling Stones
0.8%
R.E.M.
12.3%
Red Hot Chili Peppers
6.6%
Which K Group Is This? The Killers
76.7%
KISS
0.9%
The Kinks
8.9%
KoЯn
11.5%
Which Q Group Is This? Queens of the Stone Age
75.7%
Queen
1%
Queensrÿche
9.5%
Quiet Riot
11.4%
Which I Group Is This? INXS
74.6%
Iron Maiden
5.6%
Indigo Girls
5.9%
Insane Clown Posse
12%
Which E Group Is This? Electric Light Orchestra
70.1%
Earth, Wind & Fire
8.4%
Eagles
19.7%
Evanescence
0.7%
Which Y Group Is This? The Yardbirds
69.5%
Yes
8.5%
Yeah Yeah Yeahs
8.6%
The Young Rascals
10.4%
Which T Group Is This? Thin Lizzy
67.5%
Talking Heads
10%
Tool
3.6%
Three Dog Night
16.3%
Which Z Group Is This? The Zombies
62.5%
ZZ Top
4.1%
Zager and Evans
11.7%
Zac Brown Band
18.8%
Which V Group Is This? Velvet Revolver
56.1%
Van Halen
14.6%
Violent Femmes
6.2%
The Velvet Underground
20.4%
Which X Group Is This? X Ambassadors
46.3%
XTC
21.7%
The xx
17.4%
X
11.9%

You're not logged in!

Compare scores with friends on all Sporcle quizzes.
OR
Log In

Sporcle TV

Today on Sporcle TV


Watch our educational content, quiz creation guides, and fun videos on Sporcle TV.

Show Comments

Extras

Top Quizzes Today


Score Distribution

Your Account Isn't Verified!

In order to create a playlist on Sporcle, you need to verify the email address you used during registration. Go to your Sporcle Settings to finish the process.

Report this User

Report this user for behavior that violates our Community Guidelines.

Details: